International financial reporting standards (IFRSs) 2006 : including International accounting standards (IASs) and interpretations as at 1 January 2006

Сохранить в:
Библиографические подробности
Соавтор: International Accounting Standards Board
Формат:
Опубликовано: London : International Accounting Standards Board, c2006.
Предметы:
Метки: Добавить метку
Нет меток, Требуется 1-ая метка записи!

MARC

LEADER 00000nam a2200000 4500
020 |a 9781904230984  |c 120,000/= 
040 |a MUL  |b eng  |c MUL  |e AACR 
082 |a 657.3 INT 
110 |a International Accounting Standards Board 
245 |a International financial reporting standards (IFRSs) 2006 :  |b including International accounting standards (IASs) and interpretations as at 1 January 2006   |c / International Accounting Standards Board 
260 |a London :  |b International Accounting Standards Board,  |c c2006. 
300 |a vii, 2387 p. :  |b ill. ;  |c 25 cm 
504 |a Includes index. 
505 |a The full text of all international financial reporting standards extant at 1 January 2006 
546 |a eng. 
650 |a Accounting Standards 
942 |c BK 
999 |c 3957  |d 3957